Uconn Mens Basketball roster 2025-26 - Statistics

General Stats
  • This quiz has been taken 41 times
  • The average score is 11 of 15
Answer Stats
Jersey Number: Player Name: % Correct
1 Solo Ball
96%
11 Alex Karaban
93%
24 Braylon Mullins
93%
2 Silas DeMary Jr.
93%
23 Jayden Ross
89%
5 Tarris Reed Jr.
89%
12 Eric Reibe
86%
3 Jaylin Stewart
86%
0 Malachi Smith
86%
13 Jacob Ross
82%
9 Alec Millender
54%
7 Jacob Furphy
54%
4 Dwayne Koroma
50%
10 Rrezon Elezaj
29%
77 Uros Paunovic
25%
No matching quizzes found
Score Distribution
Percent of People with Each Score
Percentile by Number Answered
Your Score History
You have not taken this quiz